Derecho penal
محفوظ في:
| المؤلف الرئيسي: | |
|---|---|
| مؤلفون آخرون: | |
| التنسيق: | كتاب |
| اللغة: | الإسبانية |
| منشور في: |
Santiago, Chile:
Jurídica de Chile,
2005
|
| الطبعة: | Segunda edición actualizada |
| الموضوعات: | |
| الوسوم: |
إضافة وسم
لا توجد وسوم, كن أول من يضع وسما على هذه التسجيلة!
|
MARC
| LEADER | 00000nam a2200000 a 4500 | ||
|---|---|---|---|
| 001 | UCK6845 | ||
| 003 | CL-VaPUC | ||
| 005 | 20250507163842.0 | ||
| 008 | 051021e20050300CL |||||||||||||||||spa|d | ||
| 999 | |c 314990 |d 314988 | ||
| 020 | |a 9561015943 | ||
| 020 | |a 9561015951t.I | ||
| 020 | |a 9561014084t.III | ||
| 040 | |c Pontificia Universidad Católica de Valparaíso | ||
| 082 | 0 | 4 | |2 21 |a 345.02 GAR 2005 |
| 100 | 1 | |a Garrido Montt, Mario |e autor |9 525675 | |
| 245 | 1 | 0 | |a Derecho penal |
| 250 | |a Segunda edición actualizada | ||
| 260 | |a Santiago, Chile: |b Jurídica de Chile, |c 2005 | ||
| 300 | |a 2 tomos. | ||
| 505 | |a t.I: Parte general. Conceptos generales. Ley penal. Extradición. Circunstancias modificatorias de la responsabilidad penal. Las penas y su determinación. Causales de extinción de la responsabilidad penal. Consecuencias civiles del delito | ||
| 505 | |a t.III: Parte especial. Delitos contra la vida. Delitos contra la integridad física y la salud. Delitos contra el honor. Delitos contra el orden de la familia. Delitos contra la honestidad | ||
| 583 | |a last modification |c 20051021 00:00:00 |k Rodrigo Vera | ||
| 650 | 1 | |a Derecho penal chileno |9 889246 | |
| 650 | 1 | |a Ley penal |9 256611 | |
| 650 | 1 | |a Procedimientos penales |x Extradición |9 889247 | |
| 650 | 1 | |a Responsabilidad penal |9 254899 | |
| 650 | 1 | |a Responsabilidad civil |9 889248 | |
| 650 | 1 | |a Delitos contra las personas |9 256124 | |
| 650 | 1 | |a Delitos contra la vida |9 459912 | |
| 650 | 1 | |a Delitos contra el honor |9 889249 | |
| 650 | 1 | |a Delitos contra el orden de la familia |9 889250 | |
| 650 | 1 | |a Delitos contra la honestidad |9 889228 | |
| 700 | |a Maureira Dueñas, Alejandro |9 889776 | ||
| 942 | |c BK |2 ddc | ||
| 945 | |d 20051021 00:00:00 |a cmena | ||
| 952 | |0 0 |1 0 |4 0 |6 345_020000000000000_GAR_2005 |7 0 |8 A |9 387867 |a BIBDER |b BIBDER |d 2019-11-22 |h t.I |i 4374010 |l 13 |m 1 |o 345.02 GAR 2005 |p 4374010 |r 2024-09-23 |s 2024-09-23 |w 2019-11-22 |y BK |k DER | ||
| 952 | |0 0 |1 0 |4 0 |6 345_020000000000000_GAR_2005 |7 0 |8 A |9 387868 |a BIBDER |b BIBDER |d 2019-11-22 |h t.III |i 4374037 |o 345.02 GAR 2005 |p 4374037 |r 2023-01-25 |w 2019-11-22 |y BK |k DER | ||